000 00881nam a22002057a 4500
999 _c62978
_d62978
003 Ge_BSU
005 20250422121105.0
008 250422s2025 ge ||||| |||| 00| 0 geo d
020 _a9789941870194
041 _ageo
080 _a343.431 მ-74
100 _aმიქელაძე, გიორგი
_9823
245 _aსისხლისსამართლებრივი პასუხისმგებლობა ჯგუფური დანაშაულისათვის /
_cგ. მიქელაძე; რედ. ი. გაბისონია.
264 _aბათუმი,
_c2025.
300 _a131 გვ.;
_b20 სმ.
504 _aბიბლიოგრ. გვ. 123-131
653 _aსამართალი
700 _aგაბისონია, ი.
_eრედაქტორი
_99250
942 _2udc
_cᲬᲘᲒᲜᲘ